000 00817nam a22002177a 4500
005 20240524150733.0
010 _aHIN-127706
020 _c300.00
_a9788180600876
035 _aHN-100052
037 _bDBAD
082 _a
100 _aशर्मा, अनुज
_966856
245 _aअनोखी प्रेम कहानियाँ/
_cअनुज शर्मा
250 _aप्रथम
260 _aदिल्ली
_bकृति प्रकाशन
_c2022
270 _a4/32 प्रथम तल, सुभाष गली, विश्वास नगर, शाहदरा,
_bदिल्ली
_k9425210308
_e110032
300 _a128पृ.
_c23सेमी (सजिल्द)
700 _961637
700 _a
_961638
942 _2ddc
_cHN
_h
_mशर्माअ
999 _c203239
_d203239